000
00339nam a22001457a 4500
008
241217b |||||||| |||| 00| 0 eng d
020
_a
8177584871
050
_a
HD69
_b
.K45
100
_a
KELLER, Lane Kevin
245
_a
Strategic Brand Mana
250
_a
2nd
260
_a
India
_b
Pearson Education Inc.
300
_a
816p.
942
_c
BK
999
_c
1844
_d
1844